| 000 | 00371nam a22001457a 4500 | ||
|---|---|---|---|
| 003 | NUST | ||
| 082 | _a297,BAL | ||
| 100 |
_aBaloch, Naeem Ahmad _9109281 |
||
| 245 |
_aPal Insani Qatal / _bNaeem Ahmad Baloch |
||
| 260 |
_aDaar-us-Salam, _bLahore _c2000 |
||
| 300 | _a32 p | ||
| 650 |
_aPal Insani Qatal _9109305 |
||
| 651 |
_aKids Darussalam _9109306 |
||
| 942 |
_2ddc _cBK |
||
| 999 |
_c593387 _d593387 |
||